Taoyuan Metro Stations with map - Statistics

General Stats
  • This quiz has been taken 6 times
  • The average score is 15 of 27
Answers on the Map
Answers color-coded by a green-red scale on the quiz's map according to % correct below.
 
Answer Stats
Answer % Correct
Chang Gung Memorial Hospital 長庚醫院
100%
Chang Gung Memorial Hospital 長庚醫院
100%
Airport Hotel 機場旅館
67%
Airport Terminal 1 機場第一航廈
67%
Airport Terminal 1 機場第一航廈
67%
Airport Terminal 2 機場第二航廈
67%
Airport Terminal 2 機場第二航廈
67%
Dayuan 大園
67%
Kengkou 坑口
67%
Linkou 林口
67%
New Taipei Industrial Park 新北產業園區
67%
New Taipei Industrial Park 新北產業園區
67%
Sanchong 三重
67%
Taipei Main Station 台北車站
67%
Taipei Main Station 台北車站
67%
Hengshan 橫山
33%
Huanbei 環北
33%
Laojie River 老街溪
33%
Linghang (Dayuan International Senior High School)領航(大園國際高中)
33%
National Taiwai Sport University (Guishan Leshan)體育大學(龜山樂善)
33%
Shanbi 山鼻
33%
Taishan 泰山
33%
Taishan Guihe (Ming Chi University of Technology)泰山貴和(明志科大)
33%
Taoyuan HSR Station 高鐵桃園站
33%
Taoyuan Sports Park 桃園體育園區
33%
Xingnan 興南
33%
Xinzhuang Fuduxin 新莊副都心
33%
No matching quizzes found
Score Distribution
Percent of People with Each Score
Percentile by Number Answered
Your Score History
You have not taken this quiz